00315 2200133 4500001002100000005001500021008004100036035001900077041000600096245001700102260001800119300002600137650001800163INLIS00000000000634420241224113255241224||||||||| | ||| |||| ||  0010-1224006344 a000aKatalog 2012 bPrenada Media a152 hlm.:ilus.; 25 cm 0aPrenada Media